Most Popular Baby Girl Names in Scotland - Statistics

General Stats
  • This quiz has been taken 834 times
    815 since last reset
  • The average score is 49 of 104
Answer Stats
Hint Answer % Correct
17 Emma
82%
1 Emily
81%
3 Olivia
78%
20 Anna
77%
57 Sarah
75%
2 Sophie
73%
84 Elizabeth
72%
26 Hannah
70%
44 Lilly
70%
9 Lily
70%
40 Sofia
69%
10 Sophia
69%
86 Aimee
68%
42 Amy
68%
6 Ava
67%
21 Charlotte
67%
16 Chloe
67%
13 Grace
67%
5 Jessica
67%
98 Lucie
67%
8 Lucy
67%
91 Rachel
67%
36 Isabella
66%
78 Rose
66%
18 Mia
64%
10 Ella
63%
88 Emilia
63%
41 Rebecca
63%
7 Amelia
62%
74 Lauren
62%
28 Katie
61%
12 Ellie
60%
23 Eva
60%
72 Eve
60%
4 Isla
60%
93 Mollie
58%
66 Alice
57%
35 Molly
56%
46 Zoe
56%
52 Hollie
52%
24 Holly
52%
45 Daisy
51%
98 Maria
51%
30 Poppy
50%
49 Rosie
50%
69 Julia
49%
37 Abigail
48%
27 Evie
47%
65 Megan
47%
22 Ruby
47%
31 Erin
46%
15 Millie
46%
57 Maya
45%
70 Mya
45%
14 Freya
44%
83 Bella
43%
39 Georgia
42%
31 Leah
42%
42 Amber
41%
93 Madison
40%
54 Zara
40%
88 Bethany
38%
84 Ivy
38%
60 Maisie
37%
96 Neve
37%
46 Niamh
37%
90 Alexis
36%
62 Aria
36%
81 Lola
36%
52 Abbie
35%
76 Caitlin
35%
62 Cara
35%
61 Gracie
35%
25 Layla
35%
98 Annabelle
33%
92 Faith
33%
70 Scarlett
33%
57 Kayla
32%
87 Willow
32%
73 Imogen
31%
67 Phoebe
31%
54 Iona
30%
29 Orla
30%
51 Sienna
30%
46 Brooke
29%
81 Mila
29%
50 Summer
29%
74 Harper
28%
93 Arianna
27%
33 Lexi
27%
34 Skye
27%
76 Esme
26%
79 Amelie
25%
19 Eilidh
25%
79 Elise
23%
64 Paige
23%
38 Lacey
22%
98 Lucia
21%
96 Lena
20%
98 Carly
19%
56 Robyn
17%
98 Eden
15%
67 Ayla
11%
98 Mirren
8%
No matching quizzes found
Score Distribution
Percent of People with Each Score
Percentile by Number Answered
Your Score History
You have not taken this quiz since the last reset